Alle NBA MVP Award Winner - Statistiken

Allgemein
  • Dieses Quiz wurde 2.084 mal gespielt
    705 seit der letzten Aktualisierung
  • Das Durchschnittsergebnis liegt bei 46 aus 70
Antwortstatistiken
Jahr Spieler % Korrekt
2009 LeBron James
98%
2010 LeBron James
98%
2012 LeBron James
98%
2013 LeBron James
98%
1988 Michael Jordan
96%
1991 Michael Jordan
96%
1992 Michael Jordan
96%
1996 Michael Jordan
96%
1998 Michael Jordan
96%
2015 Stephen Curry
94%
2016 Stephen Curry
94%
2021 Nikola Jokic
93%
2022 Nikola Jokic
93%
2024 Nikola Jokic
93%
2008 Kobe Bryant
90%
2025 Shai Gilgeous-Alexander
87%
2014 Kevin Durant
86%
2007 Dirk Nowitzki
81%
2018 James Harden
80%
2023 Joel Embiid
77%
1984 Larry Bird
77%
1985 Larry Bird
77%
1986 Larry Bird
77%
2000 Shaquille O'Neal
77%
2017 Russell Westbrook
75%
2019 Giannis Antetokounmpo
74%
2020 Giannis Antetokounmpo
74%
1987 Magic Johnson
73%
1989 Magic Johnson
73%
1990 Magic Johnson
73%
2002 Tim Duncan
71%
2003 Tim Duncan
71%
1971 Kareem Abdul-Jabbar
69%
1972 Kareem Abdul-Jabbar
69%
1974 Kareem Abdul-Jabbar
69%
1977 Kareem Abdul-Jabbar
69%
1980 Kareem Abdul-Jabbar
69%
1960 Wilt Chamberlain
68%
1966 Wilt Chamberlain
68%
1967 Wilt Chamberlain
68%
1968 Wilt Chamberlain
68%
2011 Derrick Rose
67%
2001 Allen Iverson
63%
1976 Kareem Abdul-Jabbar
62%
2005 Steve Nash
62%
2006 Steve Nash
62%
1958 Bill Russell
54%
1961 Bill Russell
54%
1962 Bill Russell
54%
1963 Bill Russell
54%
1965 Bill Russell
54%
1997 Karl Malone
53%
1999 Karl Malone
53%
1994 Hakeem Olajuwon
50%
1979 Moses Malone
50%
1982 Moses Malone
50%
1983 Moses Malone
50%
2004 Kevin Garnett
44%
1993 Charles Barkley
40%
1995 David Robinson
33%
1981 Julius Erving
30%
1964 Oscar Robertson
28%
1957 Bob Cousy
26%
1956 Bob Pettit
25%
1959 Bob Pettit
25%
1969 Wes Unseld
25%
1978 Bill Walton
20%
1975 Bob McAdoo
15%
1970 Willis Reed
11%
1973 David Cowens
7%
Keine übereinstimmenden Quizze gefunden
Verteilung der Resultate
Anzahl Personen mit jedem Resultat
Perzentil nach korrekt beantworteten Fragen
Ihre Resultats-Entwicklung
Sie haben dieses Quiz seit der letzten Aktualisierung nicht gespielt